000 00449nam a2200169 a 4500
001 0000-9242
003 ELIB.Books
008 110520 1943
035 _a(ELIB.Books)0000-9394
082 _a248
_bSma
100 _aSmart, James D.
245 _aWhat a man can Believe
260 _bPhiladelphia; The Westminster Press
_c1943
650 _aChristian Life
942 _2ddc
_cBK
998 _cbat
_e2011-05-20
_mcat
_u2019-05-28
999 _c9242
_d9242